Small Cities, Tall Buildings Quiz Stats

 Plays Quiz not verified by Sporcle

Challenge
Share
Tweet
Embed
Score 0/10 Timer 03:00
0 Plays Today
Height of Tallest Building City % Correct
745 feetMobile
58.7%
781 feetJersey City
52.3%
710 feetAtlantic City
45.8%
535 feetHartford
37.4%
589 feetAlbany
33.5%
630 feetDes Moines
29%
559 feetMiami Beach
27.7%
546 feetLittle Rock
22.6%
574 feetSunny Isles Beach
5.2%
505 feetHallandale Beach
2.6%

You're not logged in!

Compare scores with friends on all Sporcle quizzes.
OR
Log In

You Might Also Like...

Show Comments

Extras

Top Quizzes Today


Score Distribution

Your Account Isn't Verified!

In order to create a playlist on Sporcle, you need to verify the email address you used during registration. Go to your Sporcle Settings to finish the process.

Report this User

Report this user for behavior that violates our Community Guidelines.

Details: